Me Grandad `ad an Elephant (Record no. 8983)

MARC details
000 -LEADER
fixed length control field 00640nam a2200253 a 4500
020 ## - INTERNATIONAL STANDARD BOOK NUMBER
ISBN 0852243
082 00 - DEWEY DECIMAL CLASSIFICATION NUMBER
Classification number 894.123
Author Cutter BAS
100 ## - MAIN ENTRY--AUTHOR NAME
Author name Basheer, Vaikom Muhammad
245 ## - TITLE STATEMENT
Title Me Grandad `ad an Elephant
260 ## - PUBLICATION, DISTRIBUTION, ETC. (IMPRINT)
Place of publication Edinburgh
Name of publisher Edinburgh University
Year of publication 1980
300 ## - PHYSICAL DESCRIPTION
Number of Pages 204p
500 ## - GENERAL NOTE
General note includes index and biblioraphy
505 2# - FORMATTED CONTENTS NOTE
Formatted contents note index
650 ## - SUBJECT ADDED ENTRY--TOPICAL TERM
Topical Term Literature-Muslim
650 ## - SUBJECT ADDED ENTRY--TOPICAL TERM
Topical Term Islam-India
942 ## - ADDED ENTRY ELEMENTS (KOHA)
Koha item type Books
700 1# -
-- Basheer, Vaikom Muhammad
Holdings
Collection code Home library Current library Date acquired Cost, normal purchase price Full call number Accession Number Koha item type
  Henry Martyn Institute Library Henry Martyn Institute Library 06/04/2007 100.00 894.123 BAS 014203 Books
                   Copyright © 2026 | Henry Martyn Institute | Hyderabad | TS-500052 | INDIA | Implemented by hmi.edu.in
Hit-Count:

Powered by Koha